01001njm a22001937a 450000500170000000800410001710000190005824500250007726000190010226000160012126000090013730000130014630000180015950505560017765000260073365000230075965000100078265000150079220220720142632.0190125b xxu||||| |||| 00| 0 spa d aSagot, Jacques aJacques Sagot: piano aEstados Unidos bDisc Makers c2005 a1 CD-ROM a67:53 minutos aWolfgang Amadeus Mozart Sonata N° 10 in C Major, K.V. 330 1. Allegro moderato. 2. Andante cantabile. 3. Allegretto. Ludwig van Beethoven Sonata N° 8 in C Minor, Op. 13, Pathétique 4. Grave, Allegro di molto e con brio. 5. Adagio cantabile. 6. Rondo: Allegro. Franz Peter Schubert 7. Impromptu in A-flat Major, Op. 142 (D. 935), N° 2: Allegretto. 8. Impromptu in E-flat Major, Op. 90 (D. 899), N° 2: Allegro. 9. Impromptu in G-flat Major, Op. 90 (D. 899), N° 3: Andante mosso. 10. Impromptu in A-flat Major, Op. (D. 899), N° 4: Allegretto. aMÚSICA INSTRUMENTAL aMÚSICA CLÁSICA aPIANO aCOSTA RICA